Statistiche per Quiz sulla Bulgaria

Clicka qui per fare il quiz!

Statistiche generali

  • Questo quiz è stato fatto 1.164 volte
  • Il punteggio medio è 12 su 17

Statistiche sulle risposte

DomandaRisposta% Corretto
CapitaleSofia
99%
Mare che bagna la BulgariaMar Nero
97%
Stati confinantiRomania
96%
Stati confinantiGrecia
91%
Stati confinantiSerbia
91%
Stati confinantiMacedonia del Nord
88%
Penisola su cui si trova la BulgariaBalcanica
85%
Stati confinantiTurchia
85%
Impero da cui la Bulgaria ottenne l'indipendenza (de facto) nel 1878Impero Ottomano
83%
Fiume che forma gran parte del confine settentrionale della BulgariaDanubio
77%
Alfabeto sviluppatosi in Bulgaria nel IX secoloCirillico
76%
La Bulgaria meridionale fa parte di questa antica regione (inizia con la T)Tracia
50%
Valuta della BulgariaLev
34%
Indica uno dei due sport in cui la Bulgaria ha vinto il maggior numero di medaglie olimpicheLotta | Sollevamento pesi
34%
Città più popolosa della Bulgaria su questo mareVarna
34%
I bulgari sono al 9 ° posto nel consumo pro capite diAlcol
33%
Cibo preparato con Lactobacillus bulgaricus Yogurt
32%

Distribuzione punteggi

Percentile per numero di risposta

Percentuale di utenti per punteggio

I tuoi punteggi nel tempo

Non hai fatto questo quiz